Developmental Biology.

Saved in:
Bibliografiske detaljer
Hovedforfatter: Gilbert, Scott F (Author)
Format: Bog
Udgivet: Massachusetts, USA: Sinauer Associates, Inc., 2010.
Udgivelse:9th ed.
Fag:
Tags: Tilføj Tag
Ingen Tags, Vær først til at tagge denne postø!

MARC

LEADER 00000nam a22000007a 4500
003 CL-VaPUC
005 20250117102756.0
008 241121t2010 ||||| |||| 00| 0 eng d
999 |c 445880  |d 445878 
020 |a 978-0-87893-384-6 
040 |c Pontificia Universidad Católica de Valparaíso 
082 |a 571.8 GIL 2010 
100 |a Gilbert, Scott F  |9 539970  |e author 
245 |a Developmental Biology. 
250 |a 9th ed. 
260 |a Massachusetts, USA:  |b Sinauer Associates, Inc.,  |c 2010. 
300 |a 711 páginas. 
500 |a c.1 Donación Prof. Verónica Rojas Durán. Memo Curauma 07-11-2024 
583 |c 20241121  |k Catalogador Asistente 
650 0 |9 269729  |a Embriología  |x Animales  |x Principios y fundamentos 
650 0 |9 542995  |a Desarrollo biológico  |x Evolución 
942 |2 ddc  |c BK 
952 |0 0  |1 0  |2 ddc  |4 0  |6 571_800000000000000_GIL_2010  |7 0  |8 A  |9 598198  |a BIBCUR  |b BIBCUR  |d 2024-11-21  |e Donación  |i 5663364  |o 571.8 GIL 2010  |p 5663364  |r 2025-04-22  |t 1  |w 2024-11-21  |y BK  |k BIO